Al son de los puritanos (Record no. 161518)

MARC details
000 -LEADER
campo de control de longitud fija 00976nam a22002055i 4500
001 - NÚMERO DE CONTROL
campo de control 161518
003 - IDENTIFICADOR DE NÚMERO DE CONTROL
campo de control ES-MaACL
005 - FECHA Y HORA DE LA ÚLTIMA TRANSACCIÓN
campo de control 20230906212314.0
008 - DATOS DE LONGITUD FIJA--INFORMACIÓN GENERAL
campo de control de longitud fija 020325s1866 sp |||| | spa d
040 ## - FUENTE DE CATALOGACIÓN
Centro catalogador/agencia de origen CAM
Lengua de catalogación spa
Centro/agencia transcriptor CAM
100 1# - ENTRADA PRINCIPAL--NOMBRE DE PERSONA
Nombre de persona Pastorfido, Miguel.
9 (RLIN) 89537
245 10 - MENCIÓN DEL TÍTULO
Título Al son de los puritanos
Resto del título : zarzuela en un acto y en verso /
Mención de responsabilidad, etc. letra de Miguel Pastorfido ; música del maestro Moderati.
260 ## - PUBLICACIÓN, DISTRIBUCIÓN, ETC.
Lugar de publicación, distribución, etc. Madrid :
Nombre del editor, distribuidor, etc. [s.n.]c 1866 (
Fabricante Imprenta de José Rodríguez)
300 ## - DESCRIPCIÓN FÍSICA
Extensión 33 p. ;
Dimensiones 20 cm.
500 #1 - NOTA GENERAL
Nota general En port.: Representada por primera vez en el teatro de la Zarzuela, el 14 de enero de 1866.
500 ## - NOTA GENERAL
Nota general Solo la letra.
596 #1 - NOTA AL PIE DE IMPRENTA
NOTA AL PIE DE IMPRENTA En verso de port. consta: "... de la galería dramática y lírico titulada El Teatro ..."
700 1# - ENTRADA AGREGADA--NOMBRE PERSONAL
Nombre de persona Moderati, Cleto.
9 (RLIN) 130002
852 ## - LOCALIZACIÓN
Ubicación ES-MaACL
Número de control de estantería F-8559(5)
Nota libre -- Enc. pasta española
condición física -- Falto de la cub. original
Nota libre -- Enc. en un vol. facticio formando parte de la col. facticia "Teatro español moderno", v. 11
Holdings
Estatus retirado Estado de pérdida Estado de daño No para préstamo Biblioteca de origen Biblioteca actual Ubicación en estantería Fecha de adquisición Total de préstamos Signatura topográfica completa Código de barras Visto por última vez Precio de reemplazo Tipo de ítem Koha
        Biblioteca del Ateneo de Madrid Biblioteca del Ateneo de Madrid Sala Pecera Planta 2 17/01/2008   F-8559(5) 1169186 23/02/2023 23/02/2023 Libro impreso